Catálogo

Dirección estratégica de recursos humanos : (Registro nro. 54227)

Detalles MARC
000 -LEADER
fixed length control field 01169cam a2200337 i 4500
001 - CONTROL NUMBER
control field 54227
003 - CONTROL NUMBER IDENTIFIER
control field Mx-PuUPA
005 - DATE AND TIME OF LATEST TRANSACTION
control field 20250815101611.0
008 - FIXED-LENGTH DATA ELEMENTS--GENERAL INFORMATION
fixed length control field 140415s2006 ag ad gr 000 0 spa d
020 ## - INTERNATIONAL STANDARD BOOK NUMBER
International Standard Book Number 9506414904
020 ## - INTERNATIONAL STANDARD BOOK NUMBER
International Standard Book Number 9789506414900
040 ## - CATALOGING SOURCE
Original cataloging agency Mx-PuUPA
Language of cataloging spa
Transcribing agency Mx-PuUPA
Modifying agency Mx-PuUPA
Description conventions rda
041 0# - LANGUAGE CODE
Language code of text/sound track or separate title spa
100 1# - MAIN ENTRY--PERSONAL NAME
Personal name Alles, Martha Alicia,
Dates associated with a name 1947-
9 (RLIN) 3005
Relator term autor
245 10 - TITLE STATEMENT
Title Dirección estratégica de recursos humanos :
Remainder of title gestión por competencias, casos /
Statement of responsibility, etc. Martha Alicia Alles
250 ## - EDITION STATEMENT
Edition statement 3a edición
264 #1 - PRODUCTION, PUBLICATION, DISTRIBUTION, MANUFACTURE, AND COPYRIGHT NOTICE
Place of production, publication, distribution, manufacture Buenos Aires :
Name of producer, publisher, distributor, manufacturer Ediciones Granica,
Date of production, publication, distribution, manufacture, or copyright notice 2006
300 ## - PHYSICAL DESCRIPTION
Extent 171 páginas :
Other physical details ilustraciones, diagramas, tablas ;
Dimensions 23 cm
336 ## - CONTENT TYPE
Fuente rdacontent
Content type term texto
Content type code txt
337 ## - MEDIA TYPE
Source rdamedia
Media type term sin medio
Media type code n
338 ## - CARRIER TYPE
Source rdacarrier
Carrier type term volumen
Carrier type code nc
490 0# - SERIES STATEMENT
Series statement Recursos humanos
500 ## - GENERAL NOTE
General note "Casos". -- Portada
500 ## - GENERAL NOTE
General note "Nueva edición actualizada". -- Portada
650 #7 - SUBJECT ADDED ENTRY--TOPICAL TERM
Source of heading or term armarc
Topical term or geographic name entry element Recursos humanos
General subdivision Dirección
650 #7 - SUBJECT ADDED ENTRY--TOPICAL TERM
Source of heading or term armarc
Topical term or geographic name entry element Planificación de recursos humanos
650 #7 - SUBJECT ADDED ENTRY--TOPICAL TERM
Source of heading or term armarc
Topical term or geographic name entry element Administración de personal
942 ## - ADDED ENTRY ELEMENTS (KOHA)
Source of classification or shelving scheme Dewey Decimal Classification
Koha item type Libro
Classification part 658.3
Item part A357
Existencias
Withdrawn status Lost status Source of classification or shelving scheme Damaged status Not for loan Collection code Home library Current library Shelving location Date acquired Source of acquisition Total Checkouts Full call number Barcode Date last seen Date last checked out Price effective from Koha item type Copy number
    Dewey Decimal Classification     General Biblioteca Karol Wojtyla Biblioteca Karol Wojtyla Sala general 03/12/2013 Compra   658.3 A357 2006 80844 05/01/2026 14/09/2017 03/12/2013 Libro Ej.3
    Dewey Decimal Classification     General Biblioteca Karol Wojtyla Biblioteca Karol Wojtyla Sala general 03/12/2013 Compra   658.3 A357 2006 80845 05/01/2026 13/06/2017 03/12/2013 Libro  
    Dewey Decimal Classification     General Biblioteca Karol Wojtyla Biblioteca Karol Wojtyla Sala general 03/12/2013 Compra   658.3 A357 2006 80846 05/01/2026 17/11/2016 03/12/2013 Libro Ej.2
    Dewey Decimal Classification     General Tehuacán Tehuacán Sala general 03/12/2013 Compra 3 658.3 ALL 506244 08/01/2025 29/08/2019 03/12/2013 Libro